| 000 | 00611nam a2200145Ia 4500 | ||
|---|---|---|---|
| 008 | 170221s9999 xx 000 0 und d | ||
| 100 | _aAndrey Yu. Mordovtsev | ||
| 245 | _aState Authorities and Legal Informational Marketing in Conditions of Transition to Democratic: The Social and Cultural Aspects | ||
| 245 | _cAndrey Yu. Mordovtsev, Alexey Yu. Mamychev, Tatyana V. Mordovtseva, Mikhail L. Mirzorin | ||
| 260 | _bInternational Review of Management and Marketing | ||
| 260 | _cDecember 2012 | ||
| 300 | _a4:2 | ||
| 650 | _xMarketing. | ||
| 856 | _uhttp://www.econjournals.com/index.php/irmm/issue/view/86 | ||
| 999 |
_c310385 _d310385 |
||